000 00543nam a2200181Ia 4500
005 20250326124639.0
008 250326s9999 xx 000 0 und d
037 _aTextbook
040 _aFMSL
_beng
_cFMSL
041 _aeng
_2eng
084 _aX:8ogD658(2:55).1 L9
_qFMSL
100 _aWentworth F
_9737706
245 0 _aManaging international distribution
_cWentworth F; Christopher M
260 _aEngland
_bEngland, Gower
_c1979
300 _a264p
942 _cTB
_hX:8ogD658(2:55).1 L9
999 _c1274558
_d1274558